[Event "TCh-FRA Top 16 GpB 2023"]
[Site "Chartres FRA"]
[Date "2023.06.07"]
[Round "7.3"]
[Board "3"]
[White "Picard, Romain"]
[Black "Cornette, Matthieu"]
[Result "0-1"]
[WhiteTitle "IM"]
[BlackTitle "GM"]
[WhiteElo "2301"]
[BlackElo "2578"]
[WhiteTeam "Poitiers-Migne Echecs"]
[BlackTeam "Asnieres Le Grand Echiquier"]
[WhiteFideId "627216"]
[BlackFideId "620084"]
[EventDate "2023.06.01"]

1. Nf3 Nf6 2. g3 g6 3. b3 Bg7 4. Bb2 d6 5. d4 b5 6. Bg2 Bb7 7. O-O Nbd7 8. Nbd2
O-O 9. c4 bxc4 10. bxc4 Ne4 11. Nb3 c5 12. Qc2 cxd4 13. Nfxd4 Nec5 14. Nc6 Bxc6
15. Bxc6 Bxb2 16. Qxb2 Rc8 17. Bd5 Na4 18. Qd4 Qb6 19. Qh4 e6 20. Bf3 Qb4 21.
Qe7 Ne5 22. Qxa7 Nxf3+ 23. exf3 Rxc4 24. Rfd1 d5 25. Rd4 Rfc8 26. Rad1 Nc3 27.
R1d2 Rxd4 28. Nxd4 Nb5 29. Nxb5 Qxd2 30. Nd6 Rf8 31. a4 Qc1+ 32. Kg2 Qc6 0-1

[Event "TCh-FRA Top 16 GpB 2023"]
[Site "Chartres FRA"]
[Date "2023.06.07"]
[Round "7.3"]
[Board "4"]
[White "Movsesian, Sergei"]
[Black "Tranchant, Sebastien"]
[Result "1-0"]
[WhiteTitle "GM"]
[BlackTitle "FM"]
[WhiteElo "2615"]
[BlackElo "2292"]
[WhiteTeam "Asnieres Le Grand Echiquier"]
[BlackTeam "Poitiers-Migne Echecs"]
[WhiteFideId "310204"]
[BlackFideId "626732"]
[EventDate "2023.06.01"]

1. e4 c6 2. d4 d5 3. e5 c5 4. dxc5 e6 5. c3 Nc6 6. Nf3 Bxc5 7. Bd3 Nge7 8. b4
Bb6 9. b5 Nb8 10. O-O Nd7 11. Nbd2 Ng6 12. Bxg6 hxg6 13. c4 Nc5 14. Ba3 a6 15.
Qb1 Bd7 16. cxd5 exd5 17. bxa6 bxa6 18. Nb3 Ne4 19. Qb2 Ng5 20. Nbd2 Ne6 21.
Rab1 Ba7 22. Qb7 g5 23. Qxd5 g4 24. Ne4 1-0

[Event "TCh-FRA Top 16 GpB 2023"]
[Site "Chartres FRA"]
[Date "2023.06.07"]
[Round "7.3"]
[Board "5"]
[White "Klinova, Masha"]
[Black "Moussard, Jules"]
[Result "1/2-1/2"]
[WhiteTitle "IM"]
[BlackTitle "GM"]
[WhiteElo "2252"]
[BlackElo "2655"]
[WhiteTeam "Poitiers-Migne Echecs"]
[BlackTeam "Asnieres Le Grand Echiquier"]
[WhiteFideId "2802015"]
[BlackFideId "642908"]
[EventDate "2023.06.01"]

1. e4 c5 2. Nf3 e6 3. c4 Nc6 4. Nc3 Nd4 5. d3 Ne7 6. Be2 Nec6 7. O-O Be7 8. a3
a6 9. Rb1 O-O 10. Be3 Rb8 11. Bf4 d6 12. b4 cxb4 13. axb4 b5 14. Nxd4 Nxd4 15.
cxb5 axb5 16. Qd2 Qb6 17. Rfc1 Bb7 18. Bf1 Rbc8 19. Be3 Bf6 20. Ne2 d5 21. Rxc8
Rxc8 22. Rc1 Nxe2+ 23. Bxe2 Qd8 24. Rxc8 Qxc8 25. Bc5 Qa8 26. f3 Qa1+ 27. Bf1 h6
28. Qe3 Bc3 29. d4 e5 30. dxe5 Bxe5 31. Qd3 dxe4 32. Qxb5 Bd4+ 33. Bxd4 Qxd4+
34. Kh1 Bd5 35. fxe4 Qxe4 36. Qd3 Qe5 37. Kg1 Be4 38. Qe3 f5 39. b5 Qb2 40. h3
Kf7 41. Qc5 Kg6 42. Qd6+ Kh7 43. Qc5 Qd2 44. Qf2 Qb4 45. Qe3 Qd6 46. Be2 Qd5 47.
Bf1 Qe5 48. Qf2 Qc3 49. Kh2 Kg8 50. Qf4 Qc5 51. Qd2 Qb6 52. Qb2 Kh7 53. Qd2 Kg6
54. Qb2 Kh7 55. Qd2 Qc5 56. Qb2 Qd6+ 57. Kg1 Qd1 58. Qc3 Qb1 59. Qd4 Qc1 60. Kf2
Qf4+ 61. Kg1 Qg3 62. Qf2 Qc3 63. Qf4 Qf6 64. Qe3 Qe5 65. Qf2 g5 66. Qa7+ Kg6 67.
Bc4 Qf6 68. Qa6 Kg7 69. Qxf6+ Kxf6 70. Kf2 Ke5 71. g3 Kd4 72. Be6 Kc5 73. Bd7 f4
74. gxf4 gxf4 75. h4 Bd5 76. Bc6 Bxc6 77. bxc6 Kxc6 78. Kf3 Kd6 79. Kxf4 1/2-1/2

[Event "TCh-FRA Top 16 GpB 2023"]
[Site "Chartres FRA"]
[Date "2023.06.07"]
[Round "7.3"]
[Board "6"]
[White "Pelletier, Yannick"]
[Black "Ladrat, Matthieu"]
[Result "1-0"]
[WhiteTitle "GM"]
[WhiteElo "2511"]
[BlackElo "2161"]
[WhiteTeam "Asnieres Le Grand Echiquier"]
[BlackTeam "Poitiers-Migne Echecs"]
[WhiteFideId "1301837"]
[BlackFideId "618640"]
[EventDate "2023.06.01"]

1. Nf3 d5 2. d4 e6 3. c4 h6 4. g3 Nf6 5. Bg2 Bd6 6. O-O O-O 7. b3 b6 8. Nc3 Bb7
9. Qc2 Nc6 10. Rd1 Qe7 11. Nb5 Rfd8 12. cxd5 exd5 13. Nxd6 cxd6 14. Qb2 Re8 15.
e3 Rac8 16. Bd2 Rc7 17. Rac1 Bc8 18. Ne1 Bf5 19. Nc2 Ne4 20. Be1 Rec8 21. Na3 a6
22. f3 Nf6 23. Qd2 h5 24. h3 b5 25. g4 Bg6 26. Bg3 b4 27. Nc2 a5 28. Ne1 hxg4
29. hxg4 Na7 30. Rxc7 Qxc7 31. Bf1 Qc6 32. Qe2 Rb8 33. Qa6 Qxa6 34. Bxa6 Ne8 35.
Ng2 f6 36. Rc1 Rb6 37. Be2 Kf8 38. Nf4 Bf7 39. Bd3 Ke7 40. Kf2 Rc6 41. Rh1 Rc3
42. Ke2 Rc8 43. Kd2 Nc7 44. Rh7 Rg8 45. Ng2 Nab5 46. Nh4 Be6 47. Bf4 Nc3 48. a4
Kd7 49. Bh6 Ne8 50. Nf5 Bxf5 51. Bxf5+ Ke7 52. Bg6 Kf8 53. Bf4 Ke7 54. Bxe8 Kxe8
55. Bxd6 Kf7 56. Rh1 Rc8 57. Kd3 Ke6 58. Bc5 Ra8 59. e4 Kf7 60. exd5 Nxd5 61.
Kc4 Ke6 62. Re1+ 1-0

[Event "TCh-FRA Top 16 GpB 2023"]
[Site "Chartres FRA"]
[Date "2023.06.07"]
[Round "7.3"]
[Board "7"]
[White "Fougerit, Valentin"]
[Black "Degraeve, Jean-Marc"]
[Result "0-1"]
[BlackTitle "GM"]
[WhiteElo "2191"]
[BlackElo "2463"]
[WhiteTeam "Poitiers-Migne Echecs"]
[BlackTeam "Asnieres Le Grand Echiquier"]
[WhiteFideId "634670"]
[BlackFideId "600270"]
[EventDate "2023.06.01"]

1. e4 c5 2. Nf3 d6 3. Bb5+ Bd7 4. Bxd7+ Qxd7 5. c4 Nc6 6. d4 cxd4 7. Nxd4 Nf6 8.
Nc3 g6 9. f3 Nxd4 10. Qxd4 Bg7 11. Be3 O-O 12. Qd3 Rfc8 13. O-O Qd8 14. Rac1 a6
15. b3 Qa5 16. a4 Qb4 17. Rb1 e6 18. Rfd1 Ne8 19. Bd4 Bxd4+ 20. Qxd4 Qc5 21. Qf2
Qxf2+ 22. Kxf2 Kf8 23. Rd3 Rc6 24. Rbd1 Rac8 25. f4 Rb6 26. Ne2 Rc5 27. Nd4 Nf6
28. Kf3 g5 29. f5 g4+ 30. Ke3 Re5 31. fxe6 fxe6 32. Rf1 Ke7 33. Rf4 d5 34. c5
Rb4 35. Kd2 dxe4 36. c6 exd3 37. c7 Rc5 0-1

[Event "TCh-FRA Top 16 GpB 2023"]
[Site "Chartres FRA"]
[Date "2023.06.07"]
[Round "7.3"]
[Board "8"]
[White "Iglesias, Yosha"]
[Black "Leriche, Ines"]
[Result "0-1"]
[WhiteTitle "FM"]
[WhiteElo "2223"]
[BlackElo "1917"]
[WhiteTeam "Asnieres Le Grand Echiquier"]
[BlackTeam "Poitiers-Migne Echecs"]
[WhiteFideId "637823"]
[BlackFideId "684090"]
[EventDate "2023.06.01"]

1. d4 d5 2. Nf3 Nf6 3. Bf4 Bf5 4. e3 e6 5. Bd3 Bxd3 6. cxd3 c6 7. Nc3 Be7 8. Rc1
Nbd7 9. e4 Nf8 10. h4 Ng6 11. Bg5 h6 12. Bxf6 Bxf6 13. h5 Nh4 14. Nxh4 Bxh4 15.
Rc2 Be7 16. e5 Rc8 17. Qg4 O-O 18. Rh3 Kh8 19. Rg3 Rg8 20. Kf1 c5 21. dxc5 Rxc5
22. d4 Rc4 23. b3 Rc6 24. Rd2 Bb4 25. Rdd3 Qc7 26. Ne2 Rc2 27. Kg1 Rxa2 28. Nf4
Qc2 29. Rdf3 Qd1+ 30. Kh2 Ra1 31. Rh3 Qh1+ 32. Kg3 Qd1 33. Nd3 Be7 34. Rxf7
Qxd3+ 35. Kh2 Qf1 36. Rxe7 Qxf2 37. Rf3 Qg1+ 38. Kh3 Qh1+ 39. Kg3 Qe1+ 40. Kh3
Qh1+ 41. Kg3 Ra2 42. Rf2 Qe1 43. Rf7 Rxf2 44. Rxf2 Rf8 45. Qe2 Qxf2+ 46. Qxf2
Rxf2 47. Kxf2 Kg8 48. Ke3 Kf7 49. Kd3 Ke7 50. Kc3 Kd7 51. Kb4 Kc6 52. Ka5 a6 53.
Ka4 Kb6 54. Kb4 a5+ 55. Ka4 Ka6 56. Ka3 Kb5 57. g3 Kb6 58. Kb2 Kb5 59. Ka3 Kb6
60. Kb2 Ka6 61. Ka2 b6 62. Kb2 Kb5 63. Ka3 Ka6 64. Kb2 b5 65. Ka3 Kb6 66. b4
axb4+ 67. Kxb4 Ka6 68. Kc5 Ka5 69. Kd6 b4 70. Kxe6 b3 71. Kxd5 b2 0-1

[Event "TCh-FRA Top 16 GpB 2023"]
[Site "Chartres FRA"]
[Date "2023.06.07"]
[Round "7.4"]
[Board "1"]
[White "Cheng, Bobby"]
[Black "Banusz, Tamas"]
[Result "1/2-1/2"]
[WhiteTitle "GM"]
[BlackTitle "GM"]
[WhiteElo "2560"]
[BlackElo "2614"]
[WhiteTeam "THF - St Quentin"]
[BlackTeam "Marseille Echecs"]
[WhiteFideId "4300033"]
[BlackFideId "722413"]
[EventDate "2023.06.01"]

1. d4 d5 2. c4 c6 3. Nf3 Nf6 4. Nc3 dxc4 5. a4 Bf5 6. Ne5 Nbd7 7. Nxc4 Nb6 8.
Ne5 a5 9. f3 Nfd7 10. e4 Nxe5 11. dxe5 Qxd1+ 12. Nxd1 Be6 13. Nf2 Bc4 14. Bxc4
Nxc4 15. e6 fxe6 16. b3 Nb6 17. Bb2 Rg8 18. h4 g6 19. Nd3 Nd7 20. Ke2 Bg7 21. e5
Kf7 22. Rad1 Rgc8 23. g4 c5 24. Rc1 b5 25. f4 Rab8 26. Bc3 c4 27. bxc4 bxc4 28.
Nf2 Nb6 29. Ne4 Nd5 30. Ng5+ Kg8 31. Nxe6 Rb6 32. Nxg7 Kxg7 33. Rhf1 Rb3 34. Rf3
Rf8 35. Kd2 Nxf4 36. Rcf1 Rd8+ 37. Kc2 Nd5 38. e6+ Kg8 39. Bxa5 Rxf3 40. Rxf3
Ra8 41. Bd2 Rxa4 42. Rf7 Ra2+ 43. Kc1 Ra8 44. Bh6 Re8 45. Rg7+ Kh8 46. Rf7 Nc7
47. Rf4 Nxe6 48. Re4 Nd8 49. Rxc4 Kg8 50. Kd2 Ne6 51. Ke3 Kf7 52. Kf3 Ra8 53.
Rc3 Ra4 54. Kg3 Rd4 55. Be3 Re4 56. Bh6 Ke8 57. Rc8+ Nd8 58. Ra8 Rc4 59. Ra7
Rc3+ 60. Kg2 Rb3 61. Bg5 Rb7 62. Ra6 Kd7 63. Ra8 Nf7 64. Be3 e5 65. Ra6 Rc7 66.
Rf6 Nd6 67. Bh6 Kc6 68. Bf8 Rd7 69. g5 e4 70. Kg3 Kd5 71. Bxd6 Rxd6 72. Rf7 Kd4
73. Rxh7 Kd3 74. Re7 Rd8 75. h5 gxh5 76. Kh4 e3 77. Kxh5 e2 78. g6 Kd2 79. g7
e1=Q 80. Rxe1 Kxe1 1/2-1/2

[Event "TCh-FRA Top 16 GpB 2023"]
[Site "Chartres FRA"]
[Date "2023.06.07"]
[Round "7.4"]
[Board "2"]
[White "Santos Latasa, Jaime"]
[Black "Kulaots, Kaido"]
[Result "1/2-1/2"]
[WhiteTitle "GM"]
[BlackTitle "GM"]
[WhiteElo "2653"]
[BlackElo "2509"]
[WhiteTeam "Marseille Echecs"]
[BlackTeam "THF - St Quentin"]
[WhiteFideId "2293307"]
[BlackFideId "4500261"]
[EventDate "2023.06.01"]

1. e4 c5 2. Nf3 d6 3. d4 cxd4 4. Nxd4 Nf6 5. Nc3 a6 6. Qd3 e6 7. Be2 Be7 8. a4
O-O 9. O-O Bd7 10. Be3 Nc6 11. Nxc6 Bxc6 12. a5 d5 13. exd5 Nxd5 14. Nxd5 Qxd5
15. Qxd5 Bxd5 16. c4 Bc6 17. Rad1 Rfd8 18. Bb6 Rxd1 19. Rxd1 Kf8 20. f4 Ke8 21.
Kf2 Rc8 22. b3 Bb4 23. g3 Ke7 24. Ke3 g6 25. Bd3 1/2-1/2

[Event "TCh-FRA Top 16 GpB 2023"]
[Site "Chartres FRA"]
[Date "2023.06.07"]
[Round "7.4"]
[Board "3"]
[White "Marcelin, Cyril"]
[Black "Kunin, Vitaly"]
[Result "1-0"]
[WhiteTitle "GM"]
[BlackTitle "GM"]
[WhiteElo "2443"]
[BlackElo "2525"]
[WhiteTeam "THF - St Quentin"]
[BlackTeam "Marseille Echecs"]
[WhiteFideId "607274"]
[BlackFideId "4128737"]
[EventDate "2023.06.01"]

1. e4 c5 2. Nf3 Nc6 3. Bb5 d6 4. O-O Bd7 5. Re1 Nf6 6. h3 Ne5 7. Bxd7+ Nfxd7 8.
d3 g6 9. Bd2 Bg7 10. Nxe5 dxe5 11. a4 O-O 12. Na3 Nb8 13. b4 cxb4 14. Bxb4 Nc6
15. Bc3 Qd7 16. Nc4 Rac8 17. Qb1 h5 18. Qb2 Rc7 19. f4 Nd4 20. fxe5 Ne6 21. Qc1
Qc8 22. Qe3 Rxc4 23. dxc4 Qxc4 24. Rab1 Rc8 25. Rb3 b6 26. a5 bxa5 27. Qxa7 a4
28. Ra3 Nc5 29. Re3 Bh6 30. Rf3 Bg5 31. Ra1 Nxe4 32. Rxa4 Qe2 33. Qb7 Rxc3 34.
Ra8+ Kg7 35. Rxf7+ Kxf7 36. Qd5+ e6 37. Qd7+ Be7 38. Qe8+ Kg7 39. Qh8+ 1-0

[Event "TCh-FRA Top 16 GpB 2023"]
[Site "Chartres FRA"]
[Date "2023.06.07"]
[Round "7.4"]
[Board "4"]
[White "Laurent-Paoli, Pierre"]
[Black "Heinz, Timothee"]
[Result "1/2-1/2"]
[WhiteTitle "IM"]
[BlackTitle "FM"]
[WhiteElo "2552"]
[BlackElo "2367"]
[WhiteTeam "Marseille Echecs"]
[BlackTeam "THF - St Quentin"]
[WhiteFideId "26017962"]
[BlackFideId "623369"]
[EventDate "2023.06.01"]

1. e4 e6 2. d4 d5 3. Nc3 Nf6 4. Bg5 dxe4 5. Nxe4 Nbd7 6. Nf3 h6 7. Nxf6+ Nxf6 8.
Be3 Bd6 9. Bd3 Bd7 10. Qe2 Bc6 11. O-O-O Nd5 12. Bd2 Nf4 13. Bxf4 Bxf4+ 14. Kb1
O-O 15. Be4 Rb8 16. Bxc6 bxc6 17. Qe4 Qd6 18. b3 f5 19. Qe2 a5 20. Rhe1 Rfe8 21.
h4 Qb4 22. Ne5 Bxe5 23. Qxe5 Re7 24. Kb2 a4 25. a3 Qc4 26. b4 Rd8 27. Qe3 Kf7
28. Rd3 c5 29. dxc5 Rxd3 30. Qxd3 Qxh4 31. g3 Qf6+ 32. Qc3 e5 33. b5 Qe6 34. Qb4
Qd5 35. Re3 Qd4+ 36. Qxd4 exd4 37. Rd3 Rd7 38. Rd1 Ke6 39. Re1+ Kd5 40. c6 Rf7
41. Re8 Kc5 42. Re5+ Kc4 43. Kc1 g5 44. Kd2 Rf6 45. Ke2 Rf7 46. Kd2 Rf6 47. Ke2
Rf7 48. Kf3 Rf6 49. Ke2 1/2-1/2

[Event "TCh-FRA Top 16 GpB 2023"]
[Site "Chartres FRA"]
[Date "2023.06.07"]
[Round "7.4"]
[Board "5"]
[White "Chabanon, Jean-Luc"]
[Black "Girel, Joseph"]
[Result "0-1"]
[WhiteTitle "GM"]
[BlackTitle "IM"]
[WhiteElo "2435"]
[BlackElo "2413"]
[WhiteTeam "THF - St Quentin"]
[BlackTeam "Marseille Echecs"]
[WhiteFideId "600075"]
[BlackFideId "36033561"]
[EventDate "2023.06.01"]

1. d4 Nf6 2. c4 e6 3. Nc3 Bb4 4. e3 O-O 5. Bd2 d5 6. Nf3 b6 7. cxd5 exd5 8. Bd3
Bb7 9. Ne5 Bd6 10. f4 c5 11. O-O Nc6 12. Ng4 Nb4 13. Bb1 cxd4 14. Nxf6+ Qxf6 15.
a3 Na6 16. Nxd5 Bxd5 17. Qh5 Rfd8 18. Bxh7+ Kf8 19. e4 Bc4 20. e5 Qh6 21. Qxh6
gxh6 22. Rfc1 Bb3 23. exd6 Rxd6 24. Bd3 Nc5 25. Bb4 Rc8 26. Ba6 Rc7 27. Bc4 Bxc4
28. Rxc4 a5 29. Be1 Nb3 30. Rxc7 Nxa1 31. Rc8+ Ke7 32. Kf2 d3 33. Bd2 Nb3 34.
Ke1 Re6+ 35. Kd1 Re2 36. Be1 Rxb2 37. Bh4+ f6 0-1

[Event "TCh-FRA Top 16 GpB 2023"]
[Site "Chartres FRA"]
[Date "2023.06.07"]
[Round "7.4"]
[Board "6"]
[White "Degraeve, Remy"]
[Black "Brochet, Philippe"]
[Result "1-0"]
[WhiteTitle "IM"]
[BlackTitle "IM"]
[WhiteElo "2445"]
[BlackElo "2399"]
[WhiteTeam "Marseille Echecs"]
[BlackTeam "THF - St Quentin"]
[WhiteFideId "26024560"]
[BlackFideId "602469"]
[EventDate "2023.06.01"]

1. e4 c5 2. Nf3 d6 3. d4 cxd4 4. Nxd4 Nf6 5. Nc3 a6 6. a4 e5 7. Nf3 Be7 8. Bg5
Be6 9. Bxf6 Bxf6 10. Nd5 Nd7 11. Bc4 Rc8 12. Qe2 O-O 13. a5 Rc6 14. O-O Qc8 15.
b3 Bxd5 16. Bxd5 Rxc2 17. Qe3 Rc3 18. Qd2 Rc7 19. Rfc1 Nc5 20. b4 Ne6 21. g3 h6
22. h4 Rd8 23. Rxc7 Nxc7 24. Rc1 Qb8 25. Nh2 Rd7 26. Ng4 Nxd5 27. Qxd5 Rc7 28.
Nxf6+ gxf6 29. Rb1 Qd8 30. b5 axb5 31. Rxb5 Qd7 32. Rb6 Rc5 33. Qd2 Rc6 34. Qxh6
Rxb6 35. axb6 Qb5 36. Qxf6 Qxb6 37. Kg2 Qc6 38. f3 Qc2+ 39. Kh3 Qc8+ 40. g4 Qe6
41. Qd8+ Kg7 42. Kg3 b5 43. Qb8 Qd7 44. h5 f6 45. Kh4 d5 46. exd5 Qxd5 47. Qa7+
Qf7 48. Qb6 Qd5 49. Qc7+ Qf7 50. Qd6 Qa2 51. Kg3 Qf7 52. Qd2 Qc4 53. Qd7+ Kg8
54. Qe8+ Kg7 55. Qg6+ Kh8 56. Qxf6+ Kh7 57. g5 b4 58. Qxe5 b3 59. Qe7+ Kg8 60.
g6 b2 61. Qh7+ Kf8 62. g7+ 1-0

[Event "TCh-FRA Top 16 GpB 2023"]
[Site "Chartres FRA"]
[Date "2023.06.07"]
[Round "7.4"]
[Board "7"]
[White "Dionisi, Thomas"]
[Black "Philippe, Guillaume"]
[Result "1-0"]
[WhiteTitle "IM"]
[BlackTitle "IM"]
[WhiteElo "2395"]
[BlackElo "2350"]
[WhiteTeam "THF - St Quentin"]
[BlackTeam "Marseille Echecs"]
[WhiteFideId "651893"]
[BlackFideId "36048763"]
[EventDate "2023.06.01"]

1. e4 e5 2. Nf3 Nc6 3. Bb5 a6 4. Ba4 Nge7 5. Nc3 g6 6. d4 exd4 7. Nd5 Bg7 8. Bg5
h6 9. Bf6 Bxf6 10. Nxf6+ Kf8 11. Qd2 Kg7 12. Nxd4 Ng8 13. Nxg8 Rxg8 14. f4 Qh4+
15. g3 Qe7 16. O-O-O Qb4 17. Qxb4 Nxb4 18. c3 Nc6 19. e5 Re8 20. Rhe1 b5 21. Bc2
Rb8 22. Nxc6 dxc6 23. Be4 Rb6 24. b4 Be6 25. a3 Ra8 26. Kb2 a5 27. Re3 Kf8 28.
Bb1 Ke7 29. Rd4 Ra7 30. Ba2 c5 31. bxc5 Rc6 32. Bxe6 Kxe6 33. Red3 Rxc5 34. Rd8
Rb7 35. g4 f6 36. exf6 Kxf6 37. R3d4 Rb6 38. Re8 Rbc6 39. Re3 Rc4 40. Red3 Rxd4
41. Rxd4 Re6 42. a4 c5 43. Rd5 Re2+ 44. Ka3 b4+ 45. Kb3 bxc3 46. Rxc5 Rxh2 47.
Rxa5 Rg2 48. g5+ hxg5 49. fxg5+ Ke7 50. Kxc3 Rg4 51. Kd3 Kf7 52. Ke3 Kg7 53. Kf3
Rb4 54. Ra7+ Kg8 55. a5 Rb5 56. a6 Rb6 57. Ke4 Kf8 58. Kd5 Kg8 59. Kc5 Re6 60.
Kb5 Re5+ 61. Kc6 Re6+ 62. Kd7 Kf7 63. Ra8 Re1 64. Rb8 Ra1 65. Rb6 Ra5 66. Kc7
Rxg5 67. a7 Ra5 68. Kb7 Rxa7+ 69. Kxa7 Kg7 70. Kb7 Kh6 71. Kc6 g5 72. Kd5+ 1-0

[Event "TCh-FRA Top 16 GpB 2023"]
[Site "Chartres FRA"]
[Date "2023.06.07"]
[Round "7.4"]
[Board "8"]
[White "Delorme, Laurie"]
[Black "Monpeurt, Cyrielle"]
[Result "0-1"]
[WhiteTitle "WIM"]
[BlackTitle "WFM"]
[WhiteElo "2086"]
[BlackElo "2147"]
[WhiteTeam "Marseille Echecs"]
[BlackTeam "THF - St Quentin"]
[WhiteFideId "630829"]
[BlackFideId "677400"]
[EventDate "2023.06.01"]

1. d4 Nf6 2. c4 g6 3. Nc3 Bg7 4. Nf3 O-O 5. Bg5 h6 6. Bh4 c5 7. d5 d6 8. e3 Bf5
9. Nd2 Qb6 10. e4 Qxb2 11. Rb1 Qxc3 12. exf5 Qe5+ 13. Be2 Qxf5 14. Rxb7 Nbd7 15.
Bxf6 Nxf6 16. Rxe7 Rfb8 17. O-O Rb2 18. Nf3 a5 19. Bd3 Qh5 20. Qa4 Rab8 21. Qc6
Bf8 22. Ra7 g5 23. g3 Qxf3 24. Qc7 Ng4 25. Bg6 Ne5 26. Bc2 Re8 27. Bd1 Qf5 28.
Rxa5 Nf3+ 29. Bxf3 Qxf3 30. Qd7 Re1 31. Qh3 Rbb1 0-1

[Event "TCh-FRA Top 16 Haute 2023"]
[Site "Chartres FRA"]
[Date "2023.06.08"]
[Round "1.1"]
[Board "1"]
[White "Vitiugov, Nikita"]
[Black "Amin, Bassem"]
[Result "1/2-1/2"]
[WhiteTitle "GM"]
[BlackTitle "GM"]
[WhiteElo "2721"]
[BlackElo "2690"]
[WhiteTeam "Bischwiller"]
[BlackTeam "Clichy Echecs 92"]
[WhiteFideId "4152956"]
[BlackFideId "10601457"]
[EventDate "2023.06.08"]

1. d4 Nf6 2. c4 g6 3. Nc3 Bg7 4. e4 d6 5. Nf3 O-O 6. Be2 e5 7. O-O exd4 8. Nxd4
Re8 9. f3 c6 10. Nc2 Na6 11. Kh1 Nc7 12. Bg5 d5 13. cxd5 cxd5 14. Nb4 h6 15.
Bxf6 Bxf6 16. Nbxd5 Nxd5 17. exd5 Qb6 18. Rb1 Bd7 19. Bc4 Rac8 20. Bb3 Bxc3 21.
bxc3 Rxc3 22. Ba4 Qd6 23. Rxb7 Bxa4 24. Qxa4 Rec8 25. Qxa7 Ra3 26. Qf2 Qxd5 27.
Rb2 Rca8 28. Ra1 h5 29. h3 Kh7 30. Rd2 Qc4 31. Rc2 Qd5 32. Qe2 R3a6 33. Rd1 Qe6
34. Qxe6 Rxe6 35. Rd4 Kg7 36. Kh2 Rea6 37. Rdd2 h4 38. Kg1 Kh6 39. Kf2 Kg5 40.
Ke1 f5 41. Kf2 R8a7 42. g3 hxg3+ 43. Kxg3 Ra4 44. Rc5 R7a6 1/2-1/2

[Event "TCh-FRA Top 16 Haute 2023"]
[Site "Chartres FRA"]
[Date "2023.06.08"]
[Round "1.1"]
[Board "2"]
[White "Maghsoodloo, Parham"]
[Black "Ragger, Markus"]
[Result "1/2-1/2"]
[WhiteTitle "GM"]
[BlackTitle "GM"]
[WhiteElo "2716"]
[BlackElo "2631"]
[WhiteTeam "Clichy Echecs 92"]
[BlackTeam "Bischwiller"]
[WhiteFideId "12539929"]
[BlackFideId "1610856"]
[EventDate "2023.06.08"]

1. d4 Nf6 2. c4 g6 3. h4 Bg7 4. Nc3 d6 5. e4 Nc6 6. d5 Ne5 7. Be2 h5 8. Nh3 c6
9. Ng5 Bd7 10. O-O O-O 11. Bf4 Rc8 12. b3 cxd5 13. exd5 Qa5 14. Bd2 Neg4 15.
Nce4 Qd8 16. Nxf6+ exf6 17. Nf3 Re8 18. Rc1 Qb6 19. Bc3 Bh6 20. Rc2 Bf5 21. Rb2
Ne3 22. Qd4 Qxd4 23. Nxd4 Nxf1 24. Nxf5 gxf5 25. Kxf1 Bf4 26. Rc2 Be5 27. Bd2
Kg7 28. Bd3 f4 29. Bf5 Rc7 30. Rc1 Rce7 31. b4 b6 32. Bc2 Bb2 33. Rd1 Rc8 34.
Bd3 Be5 35. Rc1 Rec7 36. a4 a5 37. Bf5 Ra8 38. b5 Re8 39. Rc2 Rce7 40. Rc1 Bb2
41. Rd1 Ba3 42. Bxf4 Re2 43. Be3 R8xe3 44. fxe3 Ra2 45. Rd4 Bc5 46. Re4 Rxa4 47.
g4 Ra1+ 48. Kg2 hxg4 49. Rxg4+ Kh6 50. Re4 Ra2+ 51. Kf3 Kg7 52. Re7 Kf8 53. Rc7
a4 54. Rc8+ Kg7 55. Rc7 Kf8 56. Rc8+ Kg7 57. Rc7 Kf8 1/2-1/2

[Event "TCh-FRA Top 16 Haute 2023"]
[Site "Chartres FRA"]
[Date "2023.06.08"]
[Round "1.1"]
[Board "3"]
[White "Bacrot, Etienne"]
[Black "Gharamian, Tigran"]
[Result "1/2-1/2"]
[WhiteTitle "GM"]
[BlackTitle "GM"]
[WhiteElo "2672"]
[BlackElo "2601"]
[WhiteTeam "Bischwiller"]
[BlackTeam "Clichy Echecs 92"]
[WhiteFideId "605506"]
[BlackFideId "13301527"]
[EventDate "2023.06.08"]

1. e4 c6 2. d4 d5 3. e5 Bf5 4. Nf3 e6 5. Be2 Ne7 6. O-O h6 7. Nbd2 a5 8. a4 Nd7
9. Nb3 Bh7 10. Bd2 Ng6 11. Qe1 b6 12. Rc1 Be7 13. c4 O-O 14. Bd3 Re8 15. cxd5
cxd5 16. Bb5 Ngf8 17. Qe2 Qb8 18. Rc3 Rc8 19. Ne1 Rxc3 20. Bxc3 Qd8 21. Nd3 Rc8
22. Nf4 Nb8 23. Nh5 Nc6 24. f4 Bb4 25. Rf3 1/2-1/2

[Event "TCh-FRA Top 16 Haute 2023"]
[Site "Chartres FRA"]
[Date "2023.06.08"]
[Round "1.1"]
[Board "4"]
[White "Van Foreest, Jorden"]
[Black "Fressinet, Laurent"]
[Result "0-1"]
[WhiteTitle "GM"]
[BlackTitle "GM"]
[WhiteElo "2695"]
[BlackElo "2632"]
[WhiteTeam "Clichy Echecs 92"]
[BlackTeam "Bischwiller"]
[WhiteFideId "1039784"]
[BlackFideId "608742"]
[EventDate "2023.06.08"]

1. e4 e5 2. Nf3 Nc6 3. Bc4 Nf6 4. d3 Bc5 5. Bg5 h6 6. Bh4 Be7 7. Bg3 d6 8. a4
Na5 9. Ba2 c5 10. Na3 O-O 11. c3 Nc6 12. O-O Be6 13. Nc4 Qd7 14. Qb1 Nh5 15. Ne3
Bg5 16. Bxe6 Qxe6 17. Nd5 Rac8 18. Qd1 g6 19. h3 Ne7 20. Nxe7+ Qxe7 21. Bh2 Ng7
22. Re1 Ne6 23. Qb3 Rfd8 24. Rad1 b6 25. Qa3 Bf4 26. Kh1 h5 27. Qb3 Qf6 28. Qc2
Rc7 29. Qe2 Re7 30. Bg3 Kg7 31. Rg1 Bg5 32. Qe1 h4 33. Bh2 Bf4 34. g3 Bxg3 35.
Qe3 Bf4 36. Bxf4 Nxf4 37. Kh2 d5 38. exd5 Nxd5 39. Qe4 Qf4+ 40. Kh1 Ree8 41.
Nxh4 Rh8 42. Rg4 Qxe4+ 43. dxe4 Nf4 44. Rxd8 Rxd8 45. Nf3 Nxh3 46. Rh4 Nxf2+ 47.
Kg1 Nd3 48. Rh2 c4 49. Rd2 Rd7 50. Kf1 f5 51. Ke2 Kf6 52. Ke3 Rh7 53. b3 Rh3 0-1

[Event "TCh-FRA Top 16 Haute 2023"]
[Site "Chartres FRA"]
[Date "2023.06.08"]
[Round "1.1"]
[Board "5"]
[White "Naiditsch, Arkadij"]
[Black "Tregubov, Pavel V."]
[Result "0-1"]
[WhiteTitle "GM"]
[BlackTitle "GM"]
[WhiteElo "2669"]
[BlackElo "2553"]
[WhiteTeam "Bischwiller"]
[BlackTeam "Clichy Echecs 92"]
[WhiteFideId "4650891"]
[BlackFideId "4115341"]
[EventDate "2023.06.08"]

1. e4 e5 2. Nf3 Nf6 3. d4 Nxe4 4. Bd3 d5 5. Nxe5 Nd7 6. Nc3 Nxe5 7. dxe5 Nxc3 8.
bxc3 Bc5 9. O-O O-O 10. Rb1 Qh4 11. Qf3 c6 12. g3 Qh3 13. Be3 b6 14. Bxc5 bxc5
15. Qe3 c4 16. Be2 Qf5 17. Bd1 f6 18. exf6 Qxf6 19. g4 h5 20. gxh5 Bf5 21. Qg3
Rf7 22. h3 Kh7 23. Kh2 Raf8 24. Rc1 Qh6 25. Qe3 Be4 26. Qxh6+ Kxh6 27. Bg4 Rxf2+
28. Rxf2 Rxf2+ 29. Kg3 Rd2 30. Bd7 c5 31. Be6 Kg5 32. h4+ Kf6 0-1